000
00308nam a22001337a 4500
008
170605b xxu||||| |||| 00| 0 eng d
020
_a
9780618766109
041
_a
eng
080
_2
6 ED
_a
94
100
_a
18
101
_a
SHH
245
_a
DISCOVERING THE WESTERN PAST
_c
WHELLER.E
942
_2
udc
_c
BK
999
_c
15928
_d
15928